[Event "POL-ch U18 Girls"]
[Site "Sypniewo"]
[Date "2022.03.25"]
[Round "7"]
[White "Kieca, Aleksandra"]
[Black "Kulpa, Karolina"]
[Result "0-1"]
[WhiteElo "1696"]
[BlackElo "1406"]
[PlyCount "48"]
[EventDate "2022.03.19"]
[EventType "swiss"]
[EventRounds "9"]
[EventCountry "POL"]
[SourceTitle "CBM 207 Extra"]
[Source "ChessBase"]
[SourceDate "2022.05.31"]
[SourceVersion "1"]
[SourceVersionDate "2022.05.31"]
[SourceQuality "1"]

1. e4 e5 2. Nf3 Nc6 3. Bb5 f5 4. d3 fxe4 5. dxe4 Nf6 6. 0-0 Bc5 7. Bg5 d6 8. c3 0-0 9. Nbd2 Bg4 10. Re1 h6 11. Be3 Bb6 12. Qb3+ Kh8 13. Bxb6 axb6 14. Be2 Nh5 15. h3 Bxf3 16. Bxf3 Nf4 17. Kh2 Qg5 18. g3 Nxh3 19. Re2 Nf4 20. gxf4 Rxf4 21. Bg2 Qh5+ 22. Kg1 Qxe2 23. Nf3 Rxf3 24. Bxf3 Qxf3 0-1

[Event "POL-ch U18 Girls"]
[Site "Sypniewo"]
[Date "2022.03.20"]
[Round "2"]
[White "Kulpa, Karolina"]
[Black "Bienko, Jagoda"]
[Result "0-1"]
[WhiteElo "1406"]
[BlackElo "1551"]
[PlyCount "66"]
[EventDate "2022.03.19"]
[EventType "swiss"]
[EventRounds "9"]
[EventCountry "POL"]
[SourceTitle "CBM 207 Extra"]
[Source "ChessBase"]
[SourceDate "2022.05.31"]
[SourceVersion "1"]
[SourceVersionDate "2022.05.31"]
[SourceQuality "1"]

1. d4 d5 2. c4 dxc4 3. Nf3 e6 4. Qa4+ Nd7 5. Qxc4 Ngf6 6. Bg5 Be7 7. e3 0-0 8. Bd3 c5 9. 0-0 b6 10. Nbd2 Bb7 11. Bxf6 Nxf6 12. dxc5 Bxc5 13. b4 Be7 14. a3 Rc8 15. Qd4 Qc7 16. Qb2 Rfd8 17. Bb5 Ng4 18. Rac1 Qb8 19. Rxc8 Qxc8 20. h3 Bf6 21. Qb1 Ne5 22. Nd4 a6 23. Be2 Qc3 24. N2b3 Qc7 25. Rc1 Qd6 26. f4 Ng6 27. Kf2 Nxf4 28. Bf3 Nxh3+ 29. gxh3 Qh2+ 30. Kf1 Qxh3+ 31. Ke2 Bxf3+ 32. Nxf3 Qg2+ 33. Ke1 Qxf3 0-1

[Event "POL-ch U17 Girls Qual"]
[Site "Jastrzebia Gora"]
[Date "2021.11.18"]
[Round "5"]
[White "Bienko, Jagoda"]
[Black "Kulpa, Karolina"]
[Result "1/2-1/2"]
[WhiteElo "1332"]
[BlackElo "1388"]
[PlyCount "64"]
[EventDate "2021.11.15"]
[EventType "swiss"]
[EventRounds "9"]
[EventCountry "POL"]
[SourceTitle "EXT 2023"]
[Source "ChessBase"]
[SourceDate "2022.10.05"]
[SourceVersion "1"]
[SourceVersionDate "2022.10.05"]
[SourceQuality "1"]

1. d4 Nf6 2. c4 g6 3. Nc3 Bg7 4. e4 d6 5. g3 0-0 6. Bg2 e5 7. d5 Nbd7 8. Nge2 Ne8 9. 0-0 f5 10. f4 a5 11. Be3 Nc5 12. Qd2 Nxe4 13. Nxe4 fxe4 14. fxe5 Rxf1+ 15. Rxf1 Bxe5 16. Bxe4 Bh3 17. Bg2 Bxg2 18. Kxg2 Ng7 19. Bg5 Qd7 20. Nd4 Re8 21. Nf3 Qg4 22. b3 Nf5 23. Qf2 h6 24. Bd2 h5 25. Re1 Rf8 26. Nxe5 dxe5 27. Kh1 Nd4 28. Qg2 Nf3 29. Rf1 Qd4 30. Bxa5 b6 31. Be1 e4 32. Qe2 g5 1/2-1/2

[Event "POL-ch U17 Girls Qual"]
[Site "Jastrzebia Gora"]
[Date "2021.11.18"]
[Round "6"]
[White "Kulpa, Karolina"]
[Black "Zablocka, Marta"]
[Result "1/2-1/2"]
[WhiteElo "1388"]
[BlackElo "1327"]
[PlyCount "61"]
[EventDate "2021.11.15"]
[EventType "swiss"]
[EventRounds "9"]
[EventCountry "POL"]
[SourceTitle "EXT 2023"]
[Source "ChessBase"]
[SourceDate "2022.10.05"]
[SourceVersion "1"]
[SourceVersionDate "2022.10.05"]
[SourceQuality "1"]

1. d4 Nf6 2. c4 e6 3. Nf3 Bb4+ 4. Bd2 a5 5. a3 Bxd2+ 6. Nbxd2 d6 7. e4 b6 8. d5 exd5 9. exd5 0-0 10. Be2 Bg4 11. 0-0 Nbd7 12. Re1 Re8 13. Nd4 Bxe2 14. Rxe2 Ne5 15. Qc2 Qd7 16. Rae1 c5 17. Nb5 Nxd5 18. Nxd6 Nf4 19. Nxe8 Nxe2+ 20. Rxe2 Rxe8 21. Kf1 Nc6 22. Rxe8+ Qxe8 23. Nf3 h6 24. Qe2 Kf8 25. Qxe8+ Kxe8 26. Ke2 Ke7 27. Ke3 Ke6 28. h3 g5 29. g3 Ne5 30. Nxe5 Kxe5 31. f4+ 1/2-1/2